Лексико-семантичні особливості реклами парфумів для чоловіків та жінок (Запис № 283937)

МАРК-запис
000 -LEADER
fixed length control field 01801nam a22001577a 4500
041 ## - LANGUAGE CODE
Language code of text/sound track or separate title ukr
080 ## - UNIVERSAL DECIMAL CLASSIFICATION NUMBER
Universal Decimal Classification number 09
090 ## - LOCALLY ASSIGNED LC-TYPE CALL NUMBER (OCLC); LOCAL CALL NUMBER (OCLC)
Local cutter number (OCLC) ; Book number/undivided call number, CALL (RLIN) ОНО
100 ## - MAIN ENTRY--PERSONAL NAME
Personal name Онофрійчук К.М.
245 ## - TITLE STATEMENT
Title Лексико-семантичні особливості реклами парфумів для чоловіків та жінок
260 ## - PUBLICATION, DISTRIBUTION, ETC. (IMPRINT)
Place of publication, distribution, etc Острог
Name of publisher, distributor, etc КАФ
Date of publication, distribution, etc 2007
300 ## - PHYSICAL DESCRIPTION
Extent 54
520 ## - SUMMARY, ETC.
Summary, etc ВСТУП<br/>РОЗДІЛ 1 РЕКЛАМНЕ ПОВІДОМЛЕННЯ ЯК ФОРМА КОМУНІКАЦІЇ ТА ПЕРЕДАЧА ІНФОРМАЦІЇ<br/>1.1 Природа та сутність реклами.<br/>1.2 Специфіка друкованої реклами.<br/>1.3 Складові рекламного тексту.<br/>1.4 Передача рекламного повідомлення через розмаїття жанрів та форм.<br/>1.5 Граматичні нюанси рекламних оголошень.<br/>1.5.1 Лексичні осбливості реклам.<br/>РОЗДІЛ 2 ЛЕКСИКО-СЕМАНТИЧНІ ОСОБЛИВОСТІ РЕКЛАМИ ПАРФУМІВ<br/>2.1 Лексико-стилістичні особливості реклами парфумів.<br/>2.2 Способи передачі запахів парфумів через використання особливого лексичного навантаження рекламного тексту.<br/>2.3 Мотиваційні елементи рекламних слоганів парфумерної продукції а також способи вираження обєкта та адресата реклами на прикладі лексичних моделей рекламних повідомлень.<br/>ВИСНОВКИ
-- реклама,парфуми
650 ## - SUBJECT ADDED ENTRY--TOPICAL TERM
Topical term or geographic name as entry element Research Papers
942 ## - ADDED ENTRY ELEMENTS (KOHA)
Koha item type Книги
Фонди
Withdrawn status Lost status Source of classification or shelving scheme Damaged status Not for loan Home library Current library Date acquired Source of acquisition Cost, normal purchase price Total Checkouts Full call number Barcode Date last seen Price effective from Koha item type
    Universal Decimal Classification     ВІЛ - Відділ іноземн. літератури НБ ВІЛ - Відділ іноземн. літератури НБ 16/04/2009 Акт №1 1.00   09 213688 20/12/2021 16/04/2009 Книги